Statistieken voor Bosnië en Herzegovina Trivia Quiz

Klik hier om de quiz te nemen!

Algemene statistieken

  • Deze quiz is 295 keer genomen
  • De gemiddelde score is 11 van 16

Antwoordstatistieken

HintAntwoord% Correct
HoofdstadSarajevo
94%
Aangrenzende landenKroatië
93%
Aangrenzende landenServië
92%
Aangrenzende landenMontenegro
89%
Land waar Bosnië deel van uitmaakte van 1918–1992Joegoslavië
86%
Religie beoefend door een kleine meerderheid van de bevolkingIslam
79%
Bosnië heeft een kustlijn van 20 km aan deze zeeAdriatische zee
76%
Schiereiland waarop Bosnië ligtBalkan
76%
Persoon vermoord in die stad in 1914Frans Ferdinand
76%
Rijk dat Bosnië veroverde in 1463Ottomaanse Rijk
75%
Evenement georganiseerd door die stad in 1984Olympische Winterspelen
60%
Bosnië zou de vorm hebben van dit deel van het lichaamHart
48%
De grootste stad in de regio Herzegovina waarvan de brug op de Werelderfgoedlijst staatMostar
44%
Valuta van BosniëBosnische convertibele mark
35%
Rivier die de noordgrens vormtSava
31%
Vredesovereenkomst die in 1995 een einde maakte aan de oorlog in BosniëVerdrag van {Dayton}
28%

Scoreverdeling

Percentiel versus Aantal Correcte Antwoorden

Procent van Mensen met Elke Score

Uw Scoregeschiedenis

U heeft deze quiz nog niet genomen